书目信息 |
| 题名: |
初等数学模型
|
|
| 作者: | 黄忠裕 著 | |
| 分册: | ||
| 出版信息: | 北京 科学出版社 2013 |
|
| 页数: | 226页 | |
| 开本: | 24cm | |
| 丛书名: | 数学课程与教学论丛书 | |
| 单 册: | ||
| 中图分类: | O12 | |
| 科图分类: | ||
| 主题词: | 初等数学--数学模型 | |
| 电子资源: | ||
| ISBN: | 978-7-03-038258-0 | |
| 000 | 01177oam2 2200301 450 | |
| 001 | 0100140420 | |
| 005 | 20141020221117.0 | |
| 010 | @a978-7-03-038258-0@dCNY58.00 | |
| 100 | @a20131108d2013 em y0chiy50 ea | |
| 101 | 0 | @achi |
| 101 | 11 | @achi |
| 102 | @aCN@b110000 | |
| 105 | @ay z 000yy | |
| 106 | @ar | |
| 200 | 1 | @a初等数学模型@Achu den shu xue mo xing@9chu deng shu xue mo xing@b专著@f黄忠裕著@Fhuang zhong yu zhu |
| 210 | @a北京@c科学出版社@d2013 | |
| 215 | @a226页@d24cm | |
| 225 | 2 | @a数学课程与教学论丛书@v2 |
| 300 | @a温州大学重点教材建设资助项目 温州市哲学社会科学规划成果 | |
| 330 | @a本书内容包括数学应用与模型概述,方程、函数、不等式、线性规划和数列等初等代数模型,由测量、等周、最优柱体、费马点和镶嵌等问题组成的初等几何模型,由计数、称重、几何概率、数据建模和常用统计思想构成的初等组合与概率统计模型,由不定方程和简单的密码问题等构成的初等数论模型,最后介绍比例分析、图上优化、层次分析、优选法等常用模型方法。 | |
| 461 | 0 | @1001005057577 |
| 540 | @a初等数学模型 | |
| 606 | 0 | @a初等数学@x数学模型 |
| 690 | @aO12@v5 | |
| 701 | 0 | @a黄忠裕@Ahuang zhong yu@4著 |
| 801 | @aCN | |
| 901 | @a001 | |
| 905 | @b1103038-40@dO12@eH928@f3@a241430 | |
| 初等数学模型/黄忠裕著.-北京:科学出版社,2013 |
| 226页;24cm.-(数学课程与教学论丛书;2) |
| 温州大学重点教材建设资助项目 温州市哲学社会科学规划成果 |
| ISBN 978-7-03-038258-0:CNY58.00 |
| 本书内容包括数学应用与模型概述,方程、函数、不等式、线性规划和数列等初等代数模型,由测量、等周、最优柱体、费马点和镶嵌等问题组成的初等几何模型,由计数、称重、几何概率、数据建模和常用统计思想构成的初等组合与概率统计模型,由不定方程和简单的密码问题等构成的初等数论模型,最后介绍比例分析、图上优化、层次分析、优选法等常用模型方法。 |
| ● |
| 相关链接 |
|
|
|
正题名:初等数学模型
索取号:O12/H928
 
预约/预借
| 序号 | 登录号 | 条形码 | 馆藏地/架位号 | 状态 | 备注 |
| 1 | 1103038 | 211030383 | 自科库401/401自科库 106排5列2层/ [索取号:O12/H928] | 在馆 | |
| 2 | 1103039 | 211030392 | 自科库401/401自科库 106排5列2层/ [索取号:O12/H928] | 在馆 | |
| 3 | 1103040 | 211030409 | 自科库401/401自科库 105排8列4层/ [索取号:O12/H928] | 在馆 |